[Event "Unterfranken-ch HB 60th"]
[Site "Obernau"]
[Date "2009.04.17"]
[Round "9"]
[White "Brockhaus, Werner"]
[Black "Endemann, Ingo"]
[Result "1/2-1/2"]
[WhiteElo "1404"]
[BlackElo "1313"]
[PlyCount "47"]
[EventDate "2009.04.13"]
[EventType "swiss"]
[EventRounds "9"]
[EventCountry "GER"]
[SourceTitle "EXT 2015"]
[Source "ChessBase"]
[SourceDate "2014.11.20"]
[SourceVersion "1"]
[SourceVersionDate "2014.11.20"]
[SourceQuality "1"]

1. d4 Nf6 2. e3 g6 3. Nf3 Bg7 4. Bd3 0-0 5. 0-0 d5 6. c3 Nc6 7. b3 Re8 8. Re1 b6 9. Bb2 Bb7 10. Nbd2 e5 11. dxe5 Nxe5 12. Nxe5 Rxe5 13. Nf3 Re8 14. Qe2 Qd7 15. c4 dxc4 16. Bxc4 Qg4 17. h3 Bxf3 18. hxg4 Bxe2 19. Bxe2 Ne4 20. Bxg7 Kxg7 21. Bf3 Rad8 22. Bxe4 Rxe4 23. f3 Re7 24. Kf2 1/2-1/2

[Event "Unterfranken-ch HB 60th"]
[Site "Obernau"]
[Date "2009.04.13"]
[Round "2"]
[White "Brockhaus, Werner"]
[Black "Volz, Harald"]
[Result "0-1"]
[WhiteElo "1404"]
[BlackElo "1727"]
[PlyCount "170"]
[EventDate "2009.04.13"]
[EventType "swiss"]
[EventRounds "9"]
[EventCountry "GER"]
[SourceTitle "EXT 2015"]
[Source "ChessBase"]
[SourceDate "2014.11.20"]
[SourceVersion "1"]
[SourceVersionDate "2014.11.20"]
[SourceQuality "1"]

1. Nf3 d6 2. c4 g6 3. d4 Bg7 4. Nc3 Nf6 5. e3 0-0 6. h3 Nbd7 7. Be2 Re8 8. 0-0 e5 9. dxe5 dxe5 10. e4 c6 11. Be3 Qe7 12. a3 Nh5 13. Qd2 Nc5 14. Qc2 Nf4 15. Bxc5 Qxc5 16. Kh2 Be6 17. b4 Qe7 18. Ng1 Qg5 19. g3 Nxe2 20. Qxe2 Rad8 21. Rad1 Qh6 22. Rxd8 Rxd8 23. Rd1 Rd4 24. Rxd4 exd4 25. Nd1 Qc1 26. Nb2 Qc3 27. e5 Bf5 28. Nf3 d3 29. Qd2 Qxd2 30. Nxd2 Bxe5 31. Nd1 h5 32. Kg2 b6 33. f3 c5 34. b5 Kg7 35. f4 Bd4 36. a4 Kf6 37. h4 Bg4 38. Nf2 Be2 39. Nfe4+ Kf5 40. Nd6+ Ke6 41. N6e4 f6 42. Kh3 Bd1 43. Kg2 Bxa4 44. Nf3 Bc3 45. Kh3 Bd1 46. Nfd2 Bxd2 47. Nxd2 Kf5 48. Kg2 g5 49. fxg5 fxg5 50. hxg5 Kxg5 51. Kf2 Kg4 52. Ne4 Bb3 53. Nd2 Bc2 54. Ne4 Kf5 55. Ke3 Ke5 56. Nf2 Bb1 57. Nh3 Kf5 58. Nf2 Kg5 59. Kd2 Kf5 60. Ke3 Ke5 61. Nh3 d2 62. Kxd2 Kd4 63. Nf4 Bf5 64. Nxh5 Kxc4 65. Nf6 Kxb5 66. g4 Bg6 67. Nd5 a5 68. Kc3 a4 69. Ne3 Kc6 70. Nc4 Kb5 71. g5 Bh5 72. Ne5 Bd1 73. g6 Bb3 74. g7 Be6 75. Kb2 Kb4 76. Nd3+ Kc4 77. Ne5+ Kd4 78. Nc6+ Kd3 79. Ne5+ Kd2 80. Nf3+ Kd1 81. Ne5 b5 82. Nd7 c4 83. Nb6 a3+ 84. Kxa3 c3 85. Nd7 c2 0-1

[Event "Bayern-ch Seniors 18th"]
[Site "Schloss Schney"]
[Date "2006.07.02"]
[Round "8"]
[White "Brockhaus, Werner"]
[Black "Philipp, Gerhard"]
[Result "1/2-1/2"]
[WhiteElo "1510"]
[BlackElo "1593"]
[PlyCount "23"]
[EventDate "2006.06.25"]
[EventType "swiss"]
[EventRounds "9"]
[EventCountry "GER"]
[SourceTitle "EXT 2007"]
[Source "ChessBase"]
[SourceDate "2006.11.23"]
[SourceVersion "1"]
[SourceVersionDate "2006.11.23"]
[SourceQuality "1"]

1. d4 Nf6 2. Nf3 g6 3. e3 Bg7 4. Bd3 0-0 5. 0-0 d5 6. h3 Nbd7 7. Nbd2 Re8 8. Re1 e5 9. dxe5 Nxe5 10. Nxe5 Rxe5 11. Nf3 Re7 12. c3 1/2-1/2

[Event "Bayern-ch Seniors 18th"]
[Site "Schloss Schney"]
[Date "2006.06.30"]
[Round "6"]
[White "Brockhaus, Werner"]
[Black "Klinger, Rudolf"]
[Result "0-1"]
[WhiteElo "1510"]
[BlackElo "1644"]
[PlyCount "104"]
[EventDate "2006.06.25"]
[EventType "swiss"]
[EventRounds "9"]
[EventCountry "GER"]
[SourceTitle "EXT 2007"]
[Source "ChessBase"]
[SourceDate "2006.11.23"]
[SourceVersion "1"]
[SourceVersionDate "2006.11.23"]
[SourceQuality "1"]

1. d4 Nf6 2. e3 g6 3. Nf3 Bg7 4. Bd3 c5 5. c3 b6 6. 0-0 Bb7 7. Qe2 Nc6 8. b3 0-0 9. Bb2 d6 10. Nbd2 e5 11. dxc5 dxc5 12. e4 Qe7 13. Ba6 Rad8 14. Bxb7 Qxb7 15. Rad1 Nh5 16. g3 Rd7 17. Nb1 Rfd8 18. Rxd7 Qxd7 19. Kg2 Qg4 20. Kh1 Rd6 21. Ng1 Qd7 22. Kg2 Nd8 23. Bc1 Ne6 24. Nf3 f6 25. h3 b5 26. Be3 a5 27. a3 Rd3 28. Kh2 Bf8 29. Ne1 Rd1 30. Nf3 Rd6 31. Qc2 Nhg7 32. Re1 Ne8 33. Re2 Qb7 34. Rd2 Rc6 35. Qd1 Rc7 36. Rd5 Rf7 37. Qc2 N8c7 38. Rd1 Qc6 39. Nfd2 c4 40. b4 a4 41. f3 f5 42. exf5 Rxf5 43. Rf1 Nd5 44. Bg1 Bh6 45. Qe4 Ng5 46. Qe2 Qd7 47. Qg2 Nxh3 48. Qe2 Rh5 49. Kg2 Nhf4+ 50. gxf4 Nxf4+ 51. Kf2 Nxe2 52. Kxe2 Qd3+ 0-1

[Event "Bayern-ch Seniors 18th"]
[Site "Schloss Schney"]
[Date "2006.06.28"]
[Round "4"]
[White "Brockhaus, Werner"]
[Black "Von Berg, Hans Dieter"]
[Result "1/2-1/2"]
[WhiteElo "1510"]
[BlackElo "1491"]
[PlyCount "21"]
[EventDate "2006.06.25"]
[EventType "swiss"]
[EventRounds "9"]
[EventCountry "GER"]
[SourceTitle "EXT 2007"]
[Source "ChessBase"]
[SourceDate "2006.11.23"]
[SourceVersion "1"]
[SourceVersionDate "2006.11.23"]
[SourceQuality "1"]

1. d4 d5 2. e3 e6 3. Bd3 Nf6 4. Nf3 Be7 5. 0-0 0-0 6. b3 c5 7. c3 Nc6 8. Bb2 b6 9. Nbd2 Bb7 10. Qe2 cxd4 11. exd4 1/2-1/2

[Event "Bayern-ch Seniors 18th"]
[Site "Schloss Schney"]
[Date "2006.06.27"]
[Round "3"]
[White "Harke, Horst"]
[Black "Brockhaus, Werner"]
[Result "1-0"]
[WhiteElo "1666"]
[BlackElo "1510"]
[PlyCount "123"]
[EventDate "2006.06.25"]
[EventType "swiss"]
[EventRounds "9"]
[EventCountry "GER"]
[SourceTitle "EXT 2007"]
[Source "ChessBase"]
[SourceDate "2006.11.23"]
[SourceVersion "1"]
[SourceVersionDate "2006.11.23"]
[SourceQuality "1"]

1. d4 Nf6 2. c4 d6 3. Nc3 g6 4. e4 Bg7 5. Be2 0-0 6. Nf3 Nbd7 7. 0-0 c6 8. Ne1 Qc7 9. Be3 b6 10. Rc1 Qd8 11. Qd2 Bb7 12. Bh6 e5 13. Bxg7 Kxg7 14. d5 cxd5 15. cxd5 a6 16. Nc2 b5 17. g4 Ng8 18. f3 g5 19. Kg2 h6 20. Ne3 Ne7 21. Rh1 Nf6 22. h4 Nh7 23. hxg5 Nxg5 24. Rh5 Rh8 25. Rch1 f6 26. Qe1 Qe8 27. Qh4 Nf7 28. Nf5+ Nxf5 29. Rxf5 Ng5 30. Nd1 Bc8 31. Ne3 Bxf5 32. Nxf5+ Kf8 33. Nxd6 Qg6 34. Qf2 Kg8 35. Nf5 Re8 36. d6 Nf7 37. a4 bxa4 38. Ne7+ Rxe7 39. dxe7 Kg7 40. Bxa6 Re8 41. Qc5 f5 42. Bb5 fxg4 43. Bxe8 gxf3+ 44. Kxf3 Ng5+ 45. Ke2 Qxe4+ 46. Kd2 Nf3+ 47. Kc1 Nd4 48. Rg1+ Kh8 49. Qxd4 Qxd4 50. Rg6 Qc5+ 51. Kb1 Qe3 52. Bxa4 Qe4+ 53. Bc2 Qh1+ 54. Ka2 Qa8+ 55. Kb3 Qb7+ 56. Ka4 Qxe7 57. Rxh6+ Kg8 58. Bb3+ Kg7 59. Re6 Qa7+ 60. Kb4 Qd4+ 61. Kb5 Qxb2 62. Kc6 1-0

[Event "Bayern-ch Seniors 18th"]
[Site "Schloss Schney"]
[Date "2006.06.25"]
[Round "1"]
[White "Neumeister, Herbert D"]
[Black "Brockhaus, Werner"]
[Result "1/2-1/2"]
[WhiteElo "1753"]
[BlackElo "1510"]
[PlyCount "80"]
[EventDate "2006.06.25"]
[EventType "swiss"]
[EventRounds "9"]
[EventCountry "GER"]
[SourceTitle "EXT 2007"]
[Source "ChessBase"]
[SourceDate "2006.11.23"]
[SourceVersion "1"]
[SourceVersionDate "2006.11.23"]
[SourceQuality "1"]

1. d4 Nf6 2. Nf3 d6 3. c4 g6 4. Nc3 Bg7 5. e4 0-0 6. Be2 Nbd7 7. 0-0 c6 8. h3 Qc7 9. Be3 b6 10. Rc1 Bb7 11. Qd2 a6 12. b4 Rac8 13. Bd3 Qd8 14. e5 dxe5 15. dxe5 Ne8 16. Bf4 e6 17. Qe2 Qe7 18. a3 c5 19. b5 a5 20. Ne4 Bxe4 21. Bxe4 f6 22. exf6 Bxf6 23. Rcd1 e5 24. Bh6 Bg7 25. Bd5+ Kh8 26. Bxg7+ Kxg7 27. Rfe1 Nef6 28. Bc6 Rcd8 29. Rd2 h6 30. Nh4 Nh7 31. Bxd7 Qxh4 32. Qxe5+ Qf6 33. Qxf6+ Nxf6 34. Re7+ Rf7 35. Rxf7+ Kxf7 36. Be6+ Ke7 37. Rxd8 Kxd8 38. f4 Ke7 39. f5 g5 40. Kf2 Kd6 1/2-1/2

[Event "Wuerzburg op Seniors 15th"]
[Site "Wuerzburg"]
[Date "2005.08.31"]
[Round "6"]
[White "Landeck, Manfred"]
[Black "Brockhaus, Werner"]
[Result "1/2-1/2"]
[WhiteElo "1556"]
[BlackElo "1457"]
[PlyCount "28"]
[EventDate "2005.08.27"]
[EventType "swiss"]
[EventRounds "9"]
[EventCountry "GER"]
[SourceTitle "EXT 2007"]
[Source "ChessBase"]
[SourceDate "2006.11.23"]
[SourceVersion "1"]
[SourceVersionDate "2006.11.23"]
[SourceQuality "1"]

1. e4 c5 2. Nf3 e6 3. d4 cxd4 4. Nxd4 a6 5. c4 d6 6. Nc3 Nf6 7. Bd3 Be7 8. 0-0 0-0 9. Be3 Bd7 10. f4 Nc6 11. Qf3 Qc7 12. Rac1 Nxd4 13. Bxd4 e5 14. Be3 Bg4 1/2-1/2

[Event "Wuerzburg op Seniors 15th"]
[Site "Wuerzburg"]
[Date "2005.08.28"]
[Round "2"]
[White "Suess, Stefan1111"]
[Black "Brockhaus, Werner"]
[Result "1/2-1/2"]
[WhiteElo "1638"]
[BlackElo "1457"]
[PlyCount "120"]
[EventDate "2005.08.27"]
[EventType "swiss"]
[EventRounds "9"]
[EventCountry "GER"]
[SourceTitle "EXT 2007"]
[Source "ChessBase"]
[SourceDate "2006.11.23"]
[SourceVersion "1"]
[SourceVersionDate "2006.11.23"]
[SourceQuality "1"]

1. d4 Nf6 2. Bg5 e6 3. e4 Be7 4. Bxf6 Bxf6 5. e5 Be7 6. Bd3 c6 7. c3 d6 8. f4 dxe5 9. fxe5 b6 10. Qf3 Bb7 11. Be4 Qc7 12. b4 b5 13. a4 a6 14. Ne2 Nd7 15. axb5 axb5 16. Rxa8+ Bxa8 17. Qh5 g6 18. Qh3 0-0 19. 0-0 Kg7 20. Nf4 Bg5 21. Qg4 Bxf4 22. Qxf4 Qd8 23. Qg4 Qe7 24. Qf3 Nb8 25. Na3 Bb7 26. Qf6+ Qxf6 27. exf6+ Kg8 28. g4 Ba6 29. Nc2 Rc8 30. Ra1 h6 31. h4 Rc7 32. Ne1 Kf8 33. Nd3 Ke8 34. Ne5 Bb7 35. Ra7 Kd8 36. h5 g5 37. Bh7 Nd7 38. Nxf7+ Kc8 39. Nd6+ Kb8 40. Rxb7+ Rxb7 41. Nxb7 Kxb7 42. f7 Kc7 43. Kf2 Kd6 44. Ke3 Ke7 45. Bg8 Kf8 46. Ke4 Nf6+ 47. Ke5 Nxg4+ 48. Kxe6 Ne3 49. Bh7 Nd5 50. Be4 Nf4+ 51. Kf6 Nxh5+ 52. Kg6 Nf4+ 53. Kxh6 Kxf7 54. Bxc6 Ne2 55. Kxg5 Nxc3 56. Kf5 Ke7 57. Ke5 Na2 58. d5 Nxb4 59. d6+ Kd8 60. Bxb5 Nc2 1/2-1/2

[Event "Bayern-ch Seniors 17th"]
[Site "Schloss Schney"]
[Date "2005.06.13"]
[Round "4"]
[White "Maertin, Eberhard"]
[Black "Brockhaus, Werner"]
[Result "1/2-1/2"]
[WhiteElo "1693"]
[BlackElo "1382"]
[PlyCount "98"]
[EventDate "2005.06.10"]
[EventType "swiss"]
[EventRounds "9"]
[EventCountry "GER"]
[SourceTitle "EXT 2006"]
[Source "ChessBase"]
[SourceDate "2005.11.24"]
[SourceVersion "1"]
[SourceVersionDate "2005.11.24"]
[SourceQuality "1"]

1. e4 c5 2. Nf3 Nc6 3. c3 e6 4. Bb5 Qc7 5. 0-0 a6 6. Ba4 b5 7. Bc2 Bb7 8. Re1 d6 9. d4 cxd4 10. cxd4 g6 11. a3 Bg7 12. Nc3 Nge7 13. d5 Nd8 14. dxe6 Nxe6 15. Nd5 Qd8 16. Rb1 0-0 17. Be3 Nxd5 18. exd5 Nc5 19. b4 Nd7 20. Bb3 Rc8 21. h3 Re8 22. Re2 Ne5 23. Nxe5 Bxe5 24. Qd2 Bg7 25. Qd1 Qf6 26. Rd2 Qd8 27. Rd3 Qe7 28. Qd2 Qd8 29. Qd1 Qe7 30. Qf3 Qf6 31. Qg3 Qe7 32. Bd1 Qe4 33. Rbb3 Qe7 34. Bf3 Be5 35. Bf4 f6 36. Bg4 Rc4 37. Be6+ Kg7 38. Bxe5 dxe5 39. Re3 Rc1+ 40. Kh2 Bc8 41. Bxc8 Rexc8 42. Rbd3 Ra1 43. Qg4 Rd8 44. Qe4 Qd6 45. Re2 Re8 46. f4 Rf1 47. Rf3 Rxf3 48. Qxf3 Rd8 49. Rd2 exf4 1/2-1/2

[Event "Bayern-ch Seniors 16th"]
[Site "Schloss Schney"]
[Date "2004.06.14"]
[Round "9"]
[White "Jakubowski, Karl"]
[Black "Brockhaus, Werner"]
[Result "1/2-1/2"]
[WhiteElo "1325"]
[BlackElo "1435"]
[PlyCount "43"]
[EventDate "2004.06.06"]
[EventType "swiss"]
[EventRounds "9"]
[EventCountry "GER"]
[SourceTitle "EXT 2006"]
[Source "ChessBase"]
[SourceDate "2005.11.24"]
[SourceVersion "1"]
[SourceVersionDate "2005.11.24"]
[SourceQuality "1"]

1. c4 Nf6 2. Nc3 e6 3. d3 d5 4. e3 Be7 5. Nf3 Nc6 6. Be2 a6 7. a3 0-0 8. 0-0 b6 9. Bd2 Bb7 10. b3 Bd6 11. a4 Qe7 12. h3 h6 13. Na2 Nh7 14. Rb1 f5 15. Bc3 Qf7 16. Nh2 Be7 17. f4 Bf6 18. Nf3 Rae8 19. Bxf6 Qxf6 20. Nc3 Ne7 21. Qe1 c6 22. Nd4 1/2-1/2

[Event "Bayern-ch Seniors 16th"]
[Site "Schloss Schney"]
[Date "2004.06.09"]
[Round "4"]
[White "Brockhaus, Werner"]
[Black "Theuermeister, Peter"]
[Result "0-1"]
[WhiteElo "1435"]
[BlackElo "1650"]
[PlyCount "100"]
[EventDate "2004.06.06"]
[EventType "swiss"]
[EventRounds "9"]
[EventCountry "GER"]
[SourceTitle "EXT 2006"]
[Source "ChessBase"]
[SourceDate "2005.11.24"]
[SourceVersion "1"]
[SourceVersionDate "2005.11.24"]
[SourceQuality "1"]

1. c4 Nf6 2. d4 g6 3. Nf3 Bg7 4. Nc3 d5 5. e3 c6 6. Bd3 0-0 7. 0-0 Qc7 8. cxd5 cxd5 9. Bd2 Nc6 10. Rc1 Bg4 11. h3 Bd7 12. a3 a6 13. b4 b5 14. Qb3 e6 15. Qb1 Ne8 16. Nh2 Nd6 17. f4 Nc4 18. Bxc4 bxc4 19. Nf3 Na7 20. Ne5 Bb5 21. Be1 f6 22. Nf3 Bc6 23. Bg3 Rab8 24. Qc2 a5 25. Rb1 axb4 26. axb4 Nb5 27. Nxb5 Rxb5 28. Qc3 Rfb8 29. Rb2 Bf8 30. Rfb1 R5b7 31. Kh2 Bd6 32. h4 Ba4 33. Be1 Bb3 34. Qc1 Qe7 35. Bc3 Bxb4 36. Nd2 Ba3 37. Qe1 Bxb2 38. Rxb2 Ba4 39. Rxb7 Qxb7 40. e4 Kf7 41. g4 Bc6 42. e5 f5 43. gxf5 gxf5 44. Qe2 Qe7 45. Nf3 h6 46. Kh3 Rb3 47. Qe1 Qa3 48. Ng5+ hxg5 49. hxg5 Rxc3+ 50. Kg2 Qb2+ 0-1

[Event "Bayern-ch Seniors 16th"]
[Site "Schloss Schney"]
[Date "2004.06.06"]
[Round "1"]
[White "Ziegler, Werner"]
[Black "Brockhaus, Werner"]
[Result "1-0"]
[WhiteElo "1806"]
[BlackElo "1435"]
[PlyCount "104"]
[EventDate "2004.06.06"]
[EventType "swiss"]
[EventRounds "9"]
[EventCountry "GER"]
[SourceTitle "EXT 2006"]
[Source "ChessBase"]
[SourceDate "2005.11.24"]
[SourceVersion "1"]
[SourceVersionDate "2005.11.24"]
[SourceQuality "1"]

1. e4 g6 2. d4 Bg7 3. Nf3 Nf6 4. e5 Nd5 5. Bc4 Nb6 6. Bb3 0-0 7. 0-0 d6 8. h3 d5 9. c3 h6 10. a4 a5 11. Na3 c6 12. Be3 Kh7 13. Bc2 e6 14. Qd2 Rh8 15. b3 Qf8 16. Nh2 N6d7 17. b4 b6 18. Rfe1 axb4 19. cxb4 Bb7 20. Reb1 Qe8 21. Bd1 Kg8 22. Nc2 Qf8 23. f4 f6 24. Be2 f5 25. Nf3 Qe7 26. Bf2 Qf7 27. Nce1 Nf8 28. b5 Nbd7 29. a5 bxa5 30. Rxa5 Rxa5 31. Qxa5 cxb5 32. Qxb5 Bc8 33. Rc1 Nh7 34. Rxc8+ Nhf8 35. Qc6 Qe7 36. Bb5 Qb4 37. Qxd7 Kh7 38. Qc6 g5 39. fxg5 Ng6 40. Rxh8+ Bxh8 41. gxh6 Kxh6 42. Bf1 Nf8 43. Nd3 Qe7 44. Nc5 Bg7 45. Be3+ Kh5 46. Be2 Kg6 47. Bd3 Bh6 48. Bxh6 Kxh6 49. Bxf5 Qa7 50. Nxe6 Qa1+ 51. Kh2 Nxe6 52. Qxe6+ Kg7 1-0

[Event "Bayern-ch Seniors 15th"]
[Site "Schloss Schney"]
[Date "2003.06.19"]
[Round "7.26"]
[White "Scheuerlein, Gerhard"]
[Black "Brockhaus, Werner"]
[Result "1-0"]
[WhiteElo "1645"]
[BlackElo "1434"]
[PlyCount "119"]
[EventDate "2003.06.13"]
[EventType "swiss"]
[EventRounds "9"]
[EventCountry "GER"]
[SourceTitle "EXT 2004"]
[Source "ChessBase"]
[SourceDate "2003.11.25"]
[SourceVersion "1"]
[SourceVersionDate "2003.11.25"]
[SourceQuality "1"]

1. Nf3 Nf6 2. c4 d6 3. g3 g6 4. Bg2 Bg7 5. 0-0 0-0 6. Nc3 c6 7. d4 d5 8. c5 Nbd7 9. b4 Ne4 10. Bb2 Nxc3 11. Bxc3 Nf6 12. Nd2 Bf5 13. f3 Bd7 14. a4 a6 15. Qb3 Qc8 16. Rfd1 Bh3 17. Bh1 Be6 18. Kf2 Bh6 19. Nb1 Bg7 20. Na3 Qd7 21. Bg2 Bh3 22. Bh1 Be6 23. e3 Qc7 24. Nc2 h5 25. Bg2 Qd7 26. Bf1 Bh3 27. Be2 Be6 28. Ne1 g5 29. Nd3 Nh7 30. f4 g4 31. Qb2 f6 32. Ne1 f5 33. Ng2 Bf6 34. Rh1 Bf7 35. h3 Bg6 36. Bd3 e6 37. hxg4 hxg4 38. Nh4 Bxh4 39. Rxh4 Qg7 40. Rah1 Rf7 41. b5 axb5 42. axb5 cxb5 43. Bxb5 Ra7 44. Bb4 Ra8 45. Rc1 Nf6 46. Rhh1 Ne4+ 47. Kg2 Nf6 48. c6 bxc6 49. Rxc6 Rfa7 50. Rc2 Ra2 51. Qc3 Rxc2+ 52. Qxc2 Qa7 53. Rb1 Ne4 54. Rb2 Qa1 55. Bd7 Qa7 56. Bxe6+ Kg7 57. Bxd5 Rh8 58. Be1 Rh3 59. Rb7+ Qxb7 60. Bxb7 1-0

[Event "Bayern-ch Seniors 15th"]
[Site "Schloss Schney"]
[Date "2003.06.18"]
[Round "6.27"]
[White "Banfelder, Herbert"]
[Black "Brockhaus, Werner"]
[Result "1/2-1/2"]
[WhiteElo "1620"]
[BlackElo "1434"]
[PlyCount "40"]
[EventDate "2003.06.13"]
[EventType "swiss"]
[EventRounds "9"]
[EventCountry "GER"]
[SourceTitle "EXT 2004"]
[Source "ChessBase"]
[SourceDate "2003.11.25"]
[SourceVersion "1"]
[SourceVersionDate "2003.11.25"]
[SourceQuality "1"]

1. d3 d5 2. g3 e6 3. Bg2 Nf6 4. Nd2 Be7 5. b3 0-0 6. e3 Bd7 7. Ne2 b6 8. 0-0 Bc6 9. Bb2 Nbd7 10. Nf3 Bb7 11. Rc1 Rc8 12. c4 c6 13. Qd2 Bd6 14. cxd5 cxd5 15. Rxc8 Qxc8 16. Rc1 Qe8 17. Qc3 Qe7 18. Qd4 Rc8 19. Rxc8+ Bxc8 20. e4 e5 1/2-1/2

[Event "Bayern-ch Seniors 15th"]
[Site "Schloss Schney"]
[Date "2003.06.16"]
[Round "4.31"]
[White "Brockhaus, Werner"]
[Black "Breitfuss, Joachim"]
[Result "1-0"]
[WhiteElo "1434"]
[BlackElo "1381"]
[PlyCount "113"]
[EventDate "2003.06.13"]
[EventType "swiss"]
[EventRounds "9"]
[EventCountry "GER"]
[SourceTitle "EXT 2004"]
[Source "ChessBase"]
[SourceDate "2003.11.25"]
[SourceVersion "1"]
[SourceVersionDate "2003.11.25"]
[SourceQuality "1"]

1. c4 e5 2. Nc3 Nf6 3. g3 Nc6 4. e3 b6 5. Bg2 Bb7 6. a3 Be7 7. Nge2 0-0 8. 0-0 Na5 9. Bxb7 Nxb7 10. d3 c6 11. Kg2 d5 12. cxd5 Nxd5 13. Qc2 Nxc3 14. Nxc3 Nc5 15. Rd1 Qd7 16. b4 Ne6 17. Bb2 Qb7 18. f3 Rad8 19. Qe2 Rd7 20. Ne4 f5 21. Nd2 Bf6 22. Kf2 Rfd8 23. Nc4 Rd5 24. e4 fxe4 25. dxe4 Nd4 26. Bxd4 Rxd4 27. Rxd4 exd4 28. Qd3 a5 29. f4 axb4 30. axb4 Be7 31. Rb1 Qa6 32. Qb3 Kh8 33. Ne5 Ra8 34. Nxc6 Qa2+ 35. Qb2 Z0 36. Qxa2 Rxa2+ 37. Ke1 d3 38. Rd1 Re2+ 39. Kf1 Rxe4 40. Nxe7 Rxe7 41. Rxd3 Kg8 42. Rd6 Rb7 43. b5 Kf7 44. Ke2 Ke7 45. Rc6 Kd7 46. Kf3 Rc7 47. Rxc7+ Kxc7 48. Ke4 Kd6 49. Kd4 Ke6 50. g4 g6 51. f5+ gxf5 52. gxf5+ Kxf5 53. Kd5 h5 54. Kc6 Ke6 55. Kxb6 Kd6 56. Ka6 Kc7 57. Ka7 1-0

[Event "Bayern-ch Seniors 14th"]
[Site "Schloss Schney"]
[Date "2002.06.01"]
[Round "2"]
[White "Brockhaus, Werner"]
[Black "Scheuerlein, Gerhard"]
[Result "0-1"]
[WhiteElo "1431"]
[BlackElo "1700"]
[PlyCount "68"]
[EventDate "2002.05.31"]
[EventType "swiss"]
[EventRounds "9"]
[EventCountry "GER"]
[SourceTitle "EXT 2003"]
[Source "ChessBase"]
[SourceDate "2002.11.25"]
[SourceVersion "1"]
[SourceVersionDate "2002.11.25"]
[SourceQuality "1"]

1. c4 e5 2. Nc3 Nc6 3. Nf3 f5 4. d3 Nf6 5. Bg5 Bb4 6. Bd2 0-0 7. a3 Bxc3 8. Bxc3 d6 9. e3 e4 10. Nd2 Bd7 11. d4 Qe8 12. g3 Qg6 13. b4 Qh6 14. b5 Ne7 15. Bg2 Ng4 16. Nf1 g5 17. h3 Nf6 18. f3 d5 19. Qb3 Be6 20. c5 exf3 21. Bxf3 Ne4 22. Qc2 a6 23. bxa6 Rxa6 24. Bb4 Nc6 25. Rb1 Qg6 26. Qg2 Rfa8 27. Bxe4 dxe4 28. Nd2 Nxb4 29. axb4 Ra3 30. Qf2 Rd3 31. 0-0 Ra2 32. Rfd1 Bb3 33. Qe1 Bxd1 34. Rxd1 Qh5 0-1

[Event "Unterfranken-ch HA 53th"]
[Site "Wuerzburg"]
[Date "2002.??.??"]
[Round "?"]
[White "Weikert, Benedikt"]
[Black "Brockhaus, Werner"]
[Result "1/2-1/2"]
[WhiteElo "1325"]
[BlackElo "1431"]
[PlyCount "27"]
[EventDate "2002.04.01"]
[EventType "swiss"]
[EventRounds "9"]
[EventCountry "GER"]
[SourceTitle "EXT 2015"]
[Source "ChessBase"]
[SourceDate "2014.11.20"]
[SourceVersion "1"]
[SourceVersionDate "2014.11.20"]
[SourceQuality "1"]

1. e4 c5 2. Nf3 e6 3. d4 cxd4 4. Nxd4 Nf6 5. Nc3 a6 6. Be3 d6 7. Qd2 Be7 8. 0-0-0 0-0 9. Be2 Bd7 10. f4 Nc6 11. g4 Qa5 12. a3 Nxd4 13. Bxd4 Bc6 14. Bf3 1/2-1/2

[Event "Unterfranken-ch HB 48th"]
[Site "Bergrheinfeld"]
[Date "1997.??.??"]
[Round "2"]
[White "Brockhaus, Werner"]
[Black "Elbert, Thomas"]
[Result "1/2-1/2"]
[WhiteElo "1462"]
[BlackElo "1166"]
[PlyCount "29"]
[EventDate "1997.03.31"]
[EventType "swiss"]
[EventRounds "9"]
[EventCountry "GER"]
[SourceTitle "EXT 2015"]
[Source "ChessBase"]
[SourceDate "2014.11.20"]
[SourceVersion "1"]
[SourceVersionDate "2014.11.20"]
[SourceQuality "1"]

1. c4 e5 2. Nc3 Nf6 3. e4 Nc6 4. Nf3 Bb4 5. d3 Bxc3+ 6. bxc3 0-0 7. Be2 d6 8. 0-0 Re8 9. h3 b6 10. Nh2 Bd7 11. Bg4 Nxg4 12. Nxg4 Bxg4 13. Qxg4 Qc8 14. Qxc8 Raxc8 15. Bd2 1/2-1/2

[Event "Unterfranken-ch HB 48th"]
[Site "Bergrheinfeld"]
[Date "1997.??.??"]
[Round "3"]
[White "Burzler, Anette"]
[Black "Brockhaus, Werner"]
[Result "1/2-1/2"]
[WhiteElo "1431"]
[BlackElo "1462"]
[PlyCount "47"]
[EventDate "1997.03.31"]
[EventType "swiss"]
[EventRounds "9"]
[EventCountry "GER"]
[SourceTitle "EXT 2015"]
[Source "ChessBase"]
[SourceDate "2014.11.20"]
[SourceVersion "1"]
[SourceVersionDate "2014.11.20"]
[SourceQuality "1"]

1. c4 c5 2. Nc3 Nc6 3. e4 e5 4. g3 d6 5. Bg2 Nf6 6. d3 Be7 7. Nge2 0-0 8. 0-0 Bd7 9. b3 Qc8 10. f4 exf4 11. Nxf4 Ne5 12. Ncd5 Nxd5 13. Nxd5 Ng6 14. Bb2 Qd8 15. Qe2 Ne5 16. a3 Be6 17. Rad1 Qd7 18. Nxe7+ Qxe7 19. Rd2 Rad8 20. d4 cxd4 21. Bxd4 b6 22. Rf4 Ng6 23. Rf2 Ne5 24. Rf4 1/2-1/2